000 00746nam a2200253Ia 4500
003 OSt
005 20221006142245.0
006 a|||||r|||| 00| 0
007 ta
008 221006b |||||||| |||| 00| 0 eng d
020 _a1850655219
_cP45.00
024 _a5,822
037 _cTextual
040 _aEASL
_cEASL
_beng
041 _2eng
_aeng
082 _aV41:1942.N9, P1
100 _aAustin Greg
_9647269
245 0 _aJapan and greater China
_b Political economy and military power in the Asian century
260 _aLondon
_bHurst & Company UK
_c2001
300 _a368p.
_ccm.
700 _a Harris Stuart
_9647270
942 _hV41:1942.N9, P1
_cTEXL
_2CC
999 _c1073908
_d1073908